[Event "Zt"]
[Site "masterchessopen.com Beijing (China)"]
[Date "2012.09.15"]
[Round "2"]
[White "Ma Zhonghan"]
[Black "Zhang Ziji (CHN)"]
[Result "1-0"]
[WhiteElo "2336"]
[BlackElo "2062"]

1.d4 d5 2.c4 c6 3.Nf3 Nf6 4.e3 Bf5 5.cxd5 cxd5 6.Qb3 Qc7 7.Bd2 e6 8.Bb5+ Nc6
9.O-O Bd6 10.Bb4 O-O 11.Bxc6 Bxb4 12.Qxb4 Qxc6 13.Ne5 Qa6 14.Nc3 Rac8 15.Rfc1
Rfe8 16.a4 Qb6 17.Qxb6 axb6 18.Nb5 Rxc1+ 19.Rxc1 Re7 20.Rc8+ Ne8 21.Nd6 Kf8
22.Nd7+ {#r} 1-0

[Event "Cup R.Nezhmetdinov (open)"]
[Site "masterchessopen.com Kazan (Russia)"]
[Date "2012.10.02"]
[Round "7"]
[White "Vafin Ayrat (RUS)"]
[Black "Ayupov Damir (RUS)"]
[Result "0-1"]
[WhiteElo "2207"]
[BlackElo "2350"]

1.d4 d5 2.c4 c6 3.Nf3 Nf6 4.e3 Bf5 5.Nc3 a6 6.cxd5 cxd5 7.Qb3 Ra7 8.Bd2 e6
9.Rc1 Be7 10.Bb5+ Nbd7 11.Ne5 O-O 12.g4 Nxe5 13.dxe5 Nxg4 14.f4 d4 15.exd4
Qxd4 16.Rf1 Rd8 17.Rd1 axb5 {#R} 0-1